|
|
|
|
| LEADER |
01375nam a22003137a 4500 |
| 001 |
34447 |
| 003 |
BD-DhAAL |
| 005 |
20190401165941.0 |
| 008 |
190401t2019 enk||||| b||| 001 0 eng d |
| 999 |
|
|
|c 40583
|d 40583
|
| 020 |
|
|
|a 9781138745520 (hbk)
|
| 020 |
|
|
|a 9781315180618 (ebk)
|
| 040 |
|
|
|a BD-DhAAL
|
| 082 |
|
|
|a 820.995491
|2 23
|
| 245 |
|
|
|a The Routledge companion to Pakistani anglophone writing/
|c edited by Aroosa Kanwal and Saiyma Aslam.
|
| 260 |
|
|
|a New York, NY ;
|a Milton Park, Abingdon, Oxon :
|b Routledge, Taylor & Francis Group,
|c c2019
|
| 300 |
|
|
|a xv, 399 pages ;
|c 25 cm.
|
| 490 |
|
|
|a Routledge companions to literature series
|
| 504 |
|
|
|a Includes bibliographical references and index.
|
| 526 |
|
|
|a ENH
|
| 541 |
|
|
|a Parama Publishers
|e 34447
|
| 650 |
|
|
|a Pakistani literature (English)
|y 20th century
|x History and criticism.
|9 31001
|
| 650 |
|
|
|a Pakistani literature (English)
|y 21st century
|x History and criticism.
|9 31002
|
| 650 |
|
|
|a Pakistani literature (English)
|z Great Britain
|x History and criticism.
|9 31003
|
| 700 |
|
|
|a Kanwal, Aroosa
|9 31004
|
| 700 |
|
|
|a Aslam, Saiyma
|9 31005
|
| 852 |
|
|
|a Ayesha Abed Library
|c General Stacks
|
| 942 |
|
|
|2 ddc
|c BK
|
| 952 |
|
|
|0 0
|1 0
|2 ddc
|4 0
|6 820_995491000000000_ROU
|7 0
|9 65205
|a BRACUL
|b BRACUL
|c GEN
|d 2019-02-26
|e Parama Publishers
|g 12425.00
|l 0
|o 820.995491 ROU
|p 3010034447
|r 2019-02-26
|t 1
|v 12425.00
|w 2019-02-26
|y BK
|